Concise encyclopaedia of Arabic civilization : the Arab East
محفوظ في:
المؤلف الرئيسي:
التنسيق: كتاب
اللغة: Undetermined
منشور في:
Amsterdam :
Djambatan,
1959.
الموضوعات:
الوسوم: إضافة وسم
لا توجد وسوم, كن أول من يضع وسما على هذه التسجيلة!
رقم الطلب: (Ref.) DS215 .R6
| LEADER | 00581nam a2200157Ia 4500 | ||
|---|---|---|---|
| 008 | 220712s9999||||xx |||||||||||||| ||und|| | ||
| 050 | 4 | |a (Ref.) DS215 .R6 | |
| 100 | 1 | |a Ronart, Stephan. | |
| 245 | 1 | 0 | |a Concise encyclopaedia of Arabic civilization : |b the Arab East |
| 264 | 1 | |a Amsterdam : |b Djambatan, |c 1959. | |
| 300 | |a ix, 589p. : |b maps ; |c 22cm. | ||
| 504 | |a Bibliography. | ||
| 555 | 4 | |o (Ref.) DS215 .R6 | |
| 650 | 4 | |a Arab countries Encyclopedias. | |
| 952 | |0 0 |1 0 |2 lcc |4 0 |7 1 |9 41809 |a ARCE |b ARCE |d 2022-07-21 |l 0 |o (Ref.) DS215 .R6 |p 1037959 |r 2022-07-21 00:00:00 |w 2022-07-21 |y BK | ||
| 999 | |c 48788 |d 48788 | ||
